<?xml version="1.0" encoding="UTF-8"?>
<record
    xmlns:xsi="http://www.w3.org/2001/XMLSchema-instance"
    xsi:schemaLocation="http://www.loc.gov/MARC21/slim http://www.loc.gov/standards/marcxml/schema/MARC21slim.xsd"
    xmlns="http://www.loc.gov/MARC21/slim">

  <leader>00429nam a22001337a 4500</leader>
  <datafield tag="999" ind1=" " ind2=" ">
    <subfield code="c">3283</subfield>
    <subfield code="d">3283</subfield>
  </datafield>
  <controlfield tag="003">OSt</controlfield>
  <controlfield tag="005">20211029091659.0</controlfield>
  <controlfield tag="008">211029b           ||||| |||| 00| 0 eng d</controlfield>
  <datafield tag="040" ind1=" " ind2=" ">
    <subfield code="c">ALUPE UNIVERSITY</subfield>
  </datafield>
  <datafield tag="100" ind1=" " ind2=" ">
    <subfield code="a">Brian Koech</subfield>
  </datafield>
  <datafield tag="245" ind1=" " ind2=" ">
    <subfield code="a">Evaluation of laboratory services provide by community health workers in Angorom ward, Teso South sub county, Busia county</subfield>
  </datafield>
  <datafield tag="504" ind1=" " ind2=" ">
    <subfield code="a">includes bibliographic references.</subfield>
  </datafield>
  <datafield tag="942" ind1=" " ind2=" ">
    <subfield code="2">lcc</subfield>
    <subfield code="c">AUCUP</subfield>
  </datafield>
  <datafield tag="952" ind1=" " ind2=" ">
    <subfield code="0">0</subfield>
    <subfield code="1">0</subfield>
    <subfield code="2">lcc</subfield>
    <subfield code="4">0</subfield>
    <subfield code="7">0</subfield>
    <subfield code="a">MLIB</subfield>
    <subfield code="b">MLIB</subfield>
    <subfield code="c">OS</subfield>
    <subfield code="d">2021-10-29</subfield>
    <subfield code="e">DONATED BY DR. WILLIAM OKEDI FROM DEPARTMENT OF PUBLIC HEALTH AND BEHAVIORAL SCIENCES</subfield>
    <subfield code="l">0</subfield>
    <subfield code="o">R850 .K64 2021 C1</subfield>
    <subfield code="p">28004492</subfield>
    <subfield code="r">2021-10-29</subfield>
    <subfield code="t">1</subfield>
    <subfield code="w">2021-10-29</subfield>
    <subfield code="y">AUCUP</subfield>
    <subfield code="z">JO</subfield>
  </datafield>
  <datafield tag="952" ind1=" " ind2=" ">
    <subfield code="0">0</subfield>
    <subfield code="1">0</subfield>
    <subfield code="2">lcc</subfield>
    <subfield code="4">0</subfield>
    <subfield code="7">0</subfield>
    <subfield code="a">MLIB</subfield>
    <subfield code="b">MLIB</subfield>
    <subfield code="c">OS</subfield>
    <subfield code="d">2021-10-29</subfield>
    <subfield code="e">DONATED BY DR. WILLIAM OKEDI DEPARTMENT OF PUBLIC HEALTH AND BEHAVIORAL SCIENCES</subfield>
    <subfield code="l">0</subfield>
    <subfield code="o">R850 .K64 2021 C2</subfield>
    <subfield code="p">28004493</subfield>
    <subfield code="r">2021-10-29</subfield>
    <subfield code="t">2</subfield>
    <subfield code="w">2021-10-29</subfield>
    <subfield code="y">AUCUP</subfield>
    <subfield code="z">JO</subfield>
  </datafield>
</record>
